| 000 | 00559nam a2200181Ia 4500 | ||
|---|---|---|---|
| 003 | GCL | ||
| 005 | 20240530104024.0 | ||
| 008 | 140319s9999 xx 000 0 ara d | ||
| 040 |
_aGCL / _cGCL |
||
| 082 | 0 | 4 |
_a633.81/ _bأ ن |
| 100 | 0 | _aالشحات نصر ابوزيد | |
| 245 | 1 | 0 |
_aالنباتات العطرية ومنتجاتها الزراعية والدوائية / _cالشحات نصر ابوزيد |
| 300 | _a473 ص | ||
| 490 |
_a100 قصة _v0 |
||
| 650 | 0 | 4 | _aالنباتات |
| 650 | 0 | 4 | _aالنباتات العطرية |
| 942 |
_2ddc _cBK |
||
| 999 |
_c44156 _d44156 |
||